State by City (US Version) - Statistics

General Stats
  • This quiz has been taken 214 times
  • The average score is 111 of 150
Answer Stats
US City US State % Correct
Los Angeles California
97%
Honolulu Hawaii
96%
Pasadena CA / TX
95%
Denver Colorado
95%
Orlando Florida
95%
Minneapolis Minnesota
95%
New York City New York
95%
Cincinnati Ohio
95%
Santa Monica California
94%
Juneau Alaska
93%
Phoenix Arizona
93%
San Francisco California
93%
Reno Nevada
93%
Atlantic City New Jersey
93%
Cheyenne Wyoming
93%
Sacramento California
92%
Kansas City KS / MO
92%
New Orleans Louisiana
92%
Boston Massachusetts
92%
Buffalo New York
92%
Virginia Beach Virginia
92%
Malibu California
91%
Las Vegas Nevada
91%
Montgomery Alabama
90%
Providence Rhode Island
90%
Nashville Tennessee
90%
Texarkana Texas
90%
Hartford Connecticut
89%
Saint Louis Missouri
89%
Waco Texas
88%
Salt Lake City Utah
88%
Palm Springs California
87%
Fort Lauderdale Florida
87%
Wichita Kansas
87%
Louisville Kentucky
87%
Annapolis Maryland
87%
Baltimore Maryland
87%
Carson City Nevada
87%
Cleveland Ohio
87%
Philadelphia Pennsylvania
87%
Spokane Washington
87%
Spokane Valley Washington
87%
Olympia Washington
87%
Tallahassee Florida
86%
Savannah Georgia
86%
Helena Montana
86%
Omaha Nebraska
86%
Fargo North Dakota
86%
Bismarck North Dakota
86%
Dayton Ohio
86%
Montpelier Vermont
86%
Mobile Alabama
85%
Scottsdale Arizona
85%
Dover Delaware
85%
Key West Florida
85%
Flint Michigan
85%
Aspen Colorado
84%
Las Cruces New Mexico
84%
Toledo Ohio
84%
Eugene Oregon
84%
Myrtle Beach South Carolina
84%
Chula Vista California
83%
New Haven Connecticut
83%
Wilmington NC / DE
83%
East Lansing Michigan
82%
Hilo Hawaii
81%
Gary Indiana
81%
Akron Ohio
81%
Laredo Texas
81%
South Lake Tahoe California
80%
Durham North Carolina
80%
Erie Pennsylvania
80%
North Charleston South Carolina
80%
Chattanooga Tennessee
80%
Provo Utah
80%
Chesapeake Virginia
80%
Lexington Kentucky
79%
Grand Rapids Michigan
78%
Galveston Texas
78%
Burlington Vermont
78%
Tuscaloosa Alabama
77%
Fort Wayne Indiana
77%
Cedar Rapids Iowa
77%
Tempe Arizona
76%
Duluth Minnesota
75%
Roswell New Mexico
75%
Hollywood (not L.A.) Florida
74%
Sioux City Iowa
74%
Gulfport Mississippi
74%
Yuma Arizona
73%
Macon Georgia
72%
South Bend Indiana
72%
Worcester Massachusetts
72%
Nome Alaska
71%
Bozeman Montana
71%
Eau Claire Wisconsin
71%
El Cajon California
70%
Fremont California
69%
Nashua New Hampshire
69%
Joliet Illinois
68%
Rapid City South Dakota
68%
Rapid City South Dakota
68%
Odessa Texas
68%
Norman Oklahoma
66%
College Station Texas
66%
Lynchburg Virginia
66%
Barrow Alaska
65%
Fort Collins Colorado
65%
Naperville Illinois
65%
Davenport Iowa
64%
Yorba Linda California
63%
Lowell Massachusetts
63%
Sault Ste. Marie Michigan
63%
Beaumont Texas
63%
Independence Missouri
62%
Redding California
60%
Bar Harbor Maine
60%
Fort Smith Arkansas
59%
Beaverton Oregon
59%
Ontario California
57%
Twin Falls Idaho
57%
Alamogordo New Mexico
57%
Appleton Wisconsin
57%
Racine Wisconsin
57%
Torrance California
56%
Wichita Falls Texas
56%
Orem Utah
55%
Caribou Maine
53%
Cody Wyoming
53%
Wasilla Alaska
51%
Daly City California
51%
Nampa Idaho
50%
Warwick Rhode Island
50%
Round Rock Texas
50%
Prudhoe Bay Alaska
48%
Troy Michigan
46%
High Point North Carolina
46%
Sundance Utah
46%
Kent Washington
45%
Klamath Falls Oregon
44%
Parkersburg West Virginia
44%
Parma Ohio
41%
Cairo Illinois
40%
Barstow California
35%
Spanish Fork Utah
34%
Kotzebue Alaska
33%
Zephyrhills Florida
29%
New Berlin Wisconsin
23%
Dixville Notch New Hampshire
21%
Luzerne Pennsylvania
18%
No matching quizzes found
Score Distribution
Percent of People with Each Score
Percentile by Number Answered
Your Score History
You have not taken this quiz